000 01591nam a2200445 i 4500
001 36676
003 KOSZ 005
005 20211203114349.0
008 211202s1999 pl a f f 000 0 pol
015 _aPB 1999/16235
020 _a8301128682
035 _a(OCoLC)749172020
040 _aWA N
_cWA N
_dKOSZ 005/HR
_dKOSZ 005/RW
046 _k1999
080 _a621
080 _a(075.8)
100 1 _aKurmaz, Leonid W.
_eAutor
245 1 0 _aProjektowanie :
_bpodstawy konstrukcji maszyn /
_cLeonid W. Kurmaz.
260 _aWarszawa :
_bWydawnictwo Naukowe PWN,
_c1999.
300 _a191, [1] stron :
_brysunki, wykresy ;
_c22 x 30 cm.
336 _aTekst
_btxt
_2rdacontent
337 _aBez urządzenia pośredniczącego
_bn
_2rdamedia
338 _aWolumin
_bnc
_2rdacarrier
380 _aKsiążki
380 _aPublikacje dydaktyczne
385 _mPoziom nauczania
_aSzkoły wyższe
388 1 _a1901-2000
388 1 _a1989-2000
504 _aBibliografia na stronie 187, wykaz norm na stronach 188-191.
521 8 _aPodręcznik przeznaczony jest dla studentów wydziałów mechanicznych wyższych szkół technicznych.
650 7 _aMaszyny
650 7 _aPrzekładnie mechaniczne
650 7 _a Konstrukcja maszyn i urządzeń
650 7 _aProjektowanie
655 7 _aPodręczniki akademickie
658 _aInżynieria i technika
710 2 _aWydawnictwo Naukowe PWN
_4pbl
856 4 1 _uhttp://koha.tu.koszalin.pl/cgi-bin/koha/opac-detail.pl?biblionumber=36676
_yKatalog online BPK
942 _2UKD
_cKS
999 _c36676
_d36676